|
|
|
|
| LEADER |
01001nam a2200205 a 4500 |
| 001 |
GR-MES9772 |
| 008 |
060221s2001 gr 000 1 gre|c |
| 020 |
|
|
|a 9600300577
|
| 040 |
|
|
|a GrPaTEI
|b gre
|c GR-PaULI
|
| 084 |
|
|
|a Μ
|
| 100 |
1 |
|
|a Φακίνου, Ευγενία,
|d 1945-
|
| 245 |
1 |
2 |
|a Η μεγάλη πράσινη :
|b μυθιστόρημα /
|c Ευγενία Φακίνου.
|
| 260 |
|
|
|a Αθήνα :
|b Καστανιώτης,
|c 2001.
|
| 300 |
|
|
|a 167 σ. ;
|c 21 εκ.
|
| 650 |
|
4 |
|a Ελληνική λογοτεχνία, Νέα.
|
| 942 |
|
|
|2 ddc
|
| 952 |
|
|
|0 0
|1 0
|2 ddc
|4 0
|6 Μ_ΦΑΚ
|7 0
|9 280034
|a MSLG
|b MSLG
|c BSC
|d 2021-01-17
|e 24
|f 0
|g 0.00
|l 0
|o Μ ΦΑΚ
|p 2420000009944
|r 2021-01-17 00:00:00
|t 1
|w 2021-01-17
|y BK15
|x 20071010 0 ΜΑΤΣΙΩΡΗ 1
|x GrPaTEI
|
| 952 |
|
|
|0 0
|1 0
|2 ddc
|4 0
|6 Μ_ΦΑΚ
|7 0
|9 280035
|a MSLG
|b MSLG
|c BSC
|d 2021-01-17
|e 24
|f 0
|g 0.00
|l 0
|o Μ ΦΑΚ
|p 2420000020251
|r 2021-01-17 00:00:00
|t 1
|w 2021-01-17
|y BK15
|x 20060221 0 1
|x GrPaTEI
|
| 971 |
|
|
|a .b25882430
|b 16-04-20
|c 14-09-16
|
| 999 |
|
|
|c 163224
|d 163224
|